Statistics for Benina International Airport Destinations (Benghazi, Libya)

Click here to take the quiz!

General Stats

  • This quiz has been taken 10 times
  • The average score is 8 of 11

Answer Stats

AirlineDestination% Correct
Afriqiyah Airways/EgyptairCairo
100%
Afriqiyah Airways/Berniq Airways/Buraq Air/Libyan AirlinesTripoli (Mitiga)
100%
Afriqiyah Airways/Libyan AirlinesAlexandria
89%
Air Mediterranean/Marathon AirlinesAthens
89%
Afriqiyah Airways/Libyan AirlinesIstanbul
89%
Afriqiyah Airways/Libyan Airlines/TunisairTunis
89%
Cham Wings AirlinesDamascus
56%
Afriqiyah Airways/Berniq AirwaysKhartoum
56%
Afriqiyah Airways/Libyan AirlinesAmman (Queen Alia)
44%
Afriqiyah Airways/Libyan AirlinesKufra
22%
Afriqiyah AirwaysZintan
22%

Score Distribution

Percentile by Number Answered

Percent of People with Each Score

Your Score History

You have not taken this quiz